Dan bao fa lun /

Saved in:
Bibliographic Details
Main Author: Mao, Yamin.
Format: Book
Language:Chinese
Published: Beijing : Zhongguo fa zhi chu ban she, 1997.
Edition:Beijing di 1 ban.
Subjects:
Tags: Add Tag
No Tags, Be the first to tag this record!
LEADER 01014cam a2200325 a 4500
001 007740974-4
005 20030303150000.0
008 030107s1997 cc b 000 0 chi
010 |a  99130261  
020 |a 7800834492 
035 0 |a ocm49926708 
040 |a DLC-R  |c DLC-R  |d CStRLIN  |d DLC-R  |d MH-L 
042 |a pcc 
043 |a a-cc--- 
050 0 0 |a KNQ900  |b .M36 1997 
090 |a KNQ900  |b .M36 1997 
100 1 |6 880-01  |a Mao, Yamin. 
245 1 0 |6 880-02  |a Dan bao fa lun /  |c Mao Yamin zhu. 
250 |6 880-03  |a Beijing di 1 ban. 
260 |6 880-04  |a Beijing :  |b Zhongguo fa zhi chu ban she,  |c 1997. 
300 |a 5, 272 p. ;  |c 21 cm. 
504 |a Includes bibliographical references (p. 271-272). 
650 0 |a Suretyship and guaranty  |z China. 
650 0 |a Suretyship and guaranty. 
880 1 |6 100-01  |a 毛亚敏. 
880 1 0 |6 245-02  |a 担保法论 /  |c 毛亚敏著. 
880 |6 250-03  |a 北京第1版. 
880 |6 260-04  |a 北京 :  |b 中国法制出版社,  |c 1997. 
988 |a 20030303 
906 |0 OCLC